| 000 | 00509nmm a2200169Ia 4500 | ||
|---|---|---|---|
| 008 | 251105s9999||||xx |||||||||||||||||und|| | ||
| 020 | _a9788433999290 | ||
| 041 | _aspa | ||
| 100 | _aGutiérrez, Pedro Juan | ||
| 245 | 0 |
_aDiálogo con mi sombra : _b Sobre el oficio de escritor |
|
| 264 |
_a[Madrid, España] : _bEditorial Anagrama, _c2021 |
||
| 300 | _a240 páginas | ||
| 490 | _aNarrativas hispánicas | ||
| 650 | _aBiography | ||
| 856 | _uhttps://public.digitaliapublishing.com/a/100548 | ||
| 942 | _cCF | ||
| 999 |
_c82093 _d82093 |
||